Design of steel structures-2 (Record no. 5527)

MARC details
000 -LEADER
fixed length control field 00487nam a2200181Ia 4500
003 - CONTROL NUMBER IDENTIFIER
control field SGT
020 ## - INTERNATIONAL STANDARD BOOK NUMBER
International Standard Book Number 9788172336448
082 ## - DEWEY DECIMAL CLASSIFICATION NUMBER
Classification number 624.1821
Item number RAM
100 ## - MAIN ENTRY--PERSONAL NAME
Personal name Ramchandra
245 ## - TITLE STATEMENT
Title Design of steel structures-2
250 ## - EDITION STATEMENT
Edition statement 9th Rev. Ed.
260 ## - PUBLICATION, DISTRIBUTION, ETC. (IMPRINT)
Name of publisher, distributor, etc Scientific Publishers (India)
Place of publication, distribution, etc Jodhpur
Year of Publication 2013
300 ## - PAGE DESCRIPTION
No. of Pages 984p.
650 ## - SUBJECT ADDED ENTRY--TOPICAL TERM
Topical term or geographic name as entry element Civil Engineering
653 ## - KEYWORDS--INDEX TERM
Keyword term Steel Bridges , Loads methods of design & stresses, Plate girder
700 ## - ADDED ENTRY--PERSONAL NAME
Personal name Gehlot Virendra
942 ## - ADDED ENTRY ELEMENTS (KOHA)
Source of classification or shelving scheme Dewey Decimal Classification
Koha item type Books
942 ## - ADDED ENTRY ELEMENTS (KOHA)
-- 1
Holdings
Withdrawn status Lost status Source of classification or shelving scheme Damaged status Not for loan Home library Current library Date acquired Volume Information (Serial or Books or Non-Book Material) SGTU Total Checkouts Full call number Accession No. (Barcode) Date last seen Bill Date Koha item type Date last borrowed
    Dewey Decimal Classification     SGT Engineering Library SGT Engineering Library 30/05/2013 2 SGTU   624.1821 RAM FE5746 09/02/2015 09/02/2015 Books  
    Dewey Decimal Classification     SGT Engineering Library SGT Engineering Library 30/05/2013 2 SGTU 4 624.1821 RAM FE5747 27/07/2022 09/02/2015 Books 08/07/2022